Imagier photo - Les animaux (Record no. 141)
[ view plain ]
| 000 -LEADER | |
|---|---|
| Leader | 00725nom a22001697a 4500 |
| 003 - IDENTIFIANT DE NUMÉRO DE CONTRÔLE | |
| champ de contrôle | OSt |
| 005 - DATE ET HEURE DE LA DERNIÈRE TRANSACTION | |
| champ de contrôle | 20250405154129.0 |
| 007 - CHAMP FIXE DE DESCRIPTION PHYSIQUE -- INFORMATIONS GENERALES | |
| Leader | ou |
| 008 - Éléments de longueur fixe - Renseignements généraux | |
| Leader | 250123b |||||||| |||| 00| 0 fre d |
| 040 ## - SOURCE DE CATALOGAGE | |
| Agence transcriptrice | autismepaimpol.fr |
| 245 ## - Titre | |
| Titre | Imagier photo - Les animaux |
| 246 ## - Pour qui ? Pour quoi ? | |
| Pour quoi ? Pour qui ? | Enrichir le vocabulaire avec des activités variées : tri, classement, mimes, memory, devinettes... |
| 260 ## - Publication, diffusion, etc. (marque d'éditeur) | |
| Nom de l'éditeur, du diffuseur, etc. | NATHAN |
| 942 ## - Type d'objet | |
| Type d'objet | Cartes Photo |
| 520 ## - Abrégé | |
| Abrégé | 105 grandes cartes d’animaux photographiés dans leur environnement naturel réparties en 6 séries : les mammifères, les oiseaux, les amphibiens et les reptiles, les poissons, les insectes et les araignées, et des animaux d'espèces diverses. <br/> |
| 562 ## - NOTE D'IDENTIFICATION DE L'EXEMPLAIRE ET DE LA VERSION | |
| Format de présentation | 6 intercalaires. Dim. 15 x 12 cm. |
| 999 ## - | |
| -- | 141 |
| -- | 141 |
| Statut retiré des collections | Statut perdu | Source de classification / plan de classement | Statut endommagé | Exclu du prêt | Site de rattachement | Site actuel | Date d'acquisition | Total des prêts | Code à barres | Vu en dernier | Prix effectif de | Type de document Koha |
|---|---|---|---|---|---|---|---|---|---|---|---|---|
| Classification décimale de Dewey | Autisme Paimpol - Matériel | Autisme Paimpol - Matériel | 23/01/2025 | 78 | 23/01/2025 | 23/01/2025 | Matériel pédagogique |